00304nam a2200109Ia 4500008004100000245005800041260004900099260000900148300001000157500001100167650001600178170224s9999 xx 000 0 und d aHow taking photos increases enjoyment of experiences. bJournal of Personality and Social Psychology c2016 a111:2 aAugust xPsychology.